[Event "Irish Championship 2021"]
[Site "Dublin IRL"]
[Date "2021.08.06"]
[Round "7.11"]
[White "Doyle, Tony"]
[Black "Murchadha, Oissine"]
[Result "0-1"]
[Termination "time forfeit"]
[WhiteElo "2206"]
[BlackElo "1976"]
[WhiteICU "2046"]
[WhiteNationality "IRL"]
[BlackNationality "IRL"]
[WhiteFideId "2500329"]
[BlackFideId "2503603"]
[PlyCount "76"]
[Venue "Colaiste Eanna"]
[EventDate "2021.07.31"]
[BlackFullName "Murchadha, Oiss&iacute;ne"]

{ Event information: <a
href="https://www.irlchess.com/irlch2021_allfiles/pairings_irlch2021.html">Tournament
report</a>. }

1. Nf3 d5 2. c4 dxc4 3. e3 Nf6 4. Bxc4 e6 5. O-O a6 6. a4 Be7 7. Nc3 O-O 8.
Qe2 c5 9. d4 Nc6 10. Rd1 Qe8 11. h3 cxd4 12. exd4 Nb4 13. Bf4 b6 14. Ne5
Kh8 15. Re1 Bb7 16. Bg3 Nbd5 17. Bd3 Ra7 18. Nxd5 Bxd5 19. f3 Bb3 20. Bxa6
Bxa4 21. b3 Bd7 22. Bc4 Rxa1 23. Rxa1 Qc8 24. Ra7 b5 25. Nxd7 Nxd7 26. Bxb5
Rd8 27. Rc7 $18 Qa8 28. Rxd7 Rxd7 29. Bxd7 Qa1+ 30. Kh2 Qxd4 31. Qb5 h6 32.
Be5 Qe3 33. b4 Bh4 34. Qb8+ Kh7 35. Bg3 Bf6 36. Qf4 Qa7 37. Bc6 Bd4 38.
Be4+ f5 { (Time) } 0-1

[Event "Irish Championship 2021"]
[Site "Dublin IRL"]
[Date "2021.08.06"]
[Round "7.12"]
[White "Lyons, Brendan"]
[Black "Fox, Anthony"]
[Result "1/2-1/2"]
[WhiteElo "1931"]
[BlackElo "2005"]
[WhiteICU "1886"]
[BlackICU "2007"]
[WhiteClub "St. Benildus"]
[BlackClub "Dun Laoghaire"]
[WhiteNationality "IRL"]
[BlackNationality "IRL"]
[WhiteFideId "2500698"]
[BlackFideId "2500736"]
[PlyCount "27"]
[Venue "Colaiste Eanna"]
[EventDate "2021.07.31"]

{ Event information: <a
href="https://www.irlchess.com/irlch2021_allfiles/pairings_irlch2021.html">Tournament
report</a>. }

1. e4 e5 2. Nf3 Nc6 3. d4 exd4 4. Nxd4 Nf6 5. Nxc6 bxc6 6. e5 Qe7 7. Qe2
Nd5 8. h4 a5 9. Bg5 Qe6 10. g3 Ba6 11. c4 Nb6 12. b3 Bb4+ 13. Nd2 O-O 14.
Bh3 1/2-1/2

[Event "Irish Championship 2021"]
[Site "Dublin IRL"]
[Date "2021.08.06"]
[Round "7.13"]
[White "Harding, Tim"]
[Black "Cafolla, Peter"]
[Result "1/2-1/2"]
[WhiteTitle "CM"]
[WhiteElo "2003"]
[BlackElo "1958"]
[WhiteICU "1955"]
[BlackICU "1914"]
[WhiteClub "T.C.D."]
[BlackClub "Rathmines"]
[WhiteNationality "IRL"]
[BlackNationality "IRL"]
[WhiteFideId "2500256"]
[BlackFideId "2500884"]
[PlyCount "68"]
[Venue "Colaiste Eanna"]
[EventDate "2021.07.31"]

{ Event information: <a
href="https://www.irlchess.com/irlch2021_allfiles/pairings_irlch2021.html">Tournament
report</a>. }

1. Nf3 d5 2. c4 e6 3. d4 c5 4. Nc3 Nc6 5. cxd5 exd5 6. dxc5 d4 7. Na4 Bxc5
8. Nxc5 Qa5+ 9. Bd2 Qxc5 10. Rc1 Qb6 11. e3 Nge7 12. Bc4 O-O 13. exd4 Nxd4
14. Nxd4 Qxd4 15. O-O Bg4 16. Qc2 Nc6 17. Be3 Qf6 18. Qe4 Be6 19. Bxe6 Qxe6
20. Qxe6 fxe6 21. Rfd1 Rfd8 22. Kf1 Rd5 23. Ke2 Rad8 24. h3 Kf7 25. a3 R8d7
26. Rxd5 exd5 27. Rd1 d4 28. Bf4 Ke6 29. Kd3 Kd5 30. Rc1 a5 31. b3 Rf7 32.
Bg3 Re7 33. Bf4 Rf7 34. Bg3 Re7 1/2-1/2

[Event "Irish Championship 2021"]
[Site "Dublin IRL"]
[Date "2021.08.06"]
[Round "7.14"]
[White "MacElligott, Gerard"]
[Black "O'Gorman, Alice"]
[Result "1/2-1/2"]
[WhiteTitle "CM"]
[WhiteElo "1966"]
[BlackElo "1907"]
[WhiteICU "1938"]
[BlackICU "1882"]
[WhiteClub "Elm Mount"]
[BlackClub "T.C.D."]
[WhiteNationality "IRL"]
[BlackNationality "IRL"]
[WhiteFideId "2500647"]
[BlackFideId "2508214"]
[PlyCount "46"]
[Venue "Colaiste Eanna"]
[EventDate "2021.07.31"]

{ Event information: <a
href="https://www.irlchess.com/irlch2021_allfiles/pairings_irlch2021.html">Tournament
report</a>. }

1. Nf3 d5 2. g3 c6 3. Bg2 Nf6 4. O-O g6 5. d4 Bg7 6. c4 O-O 7. Nc3 Ne4 8.
Qb3 Nxc3 9. bxc3 dxc4 10. Qxc4 Nd7 11. Bf4 Qa5 12. Qb4 Qxb4 13. cxb4 Re8
14. Rab1 e5 15. dxe5 Nxe5 16. Nxe5 Bxe5 17. Bxe5 Rxe5 18. Rb2 a5 19. Rd1
Be6 20. Rd4 axb4 21. Rdxb4 Rxa2 22. Rxa2 Bxa2 23. Rxb7 Rxe2 1/2-1/2

[Event "Irish Championship 2021"]
[Site "Dublin IRL"]
[Date "2021.08.06"]
[Round "7.15"]
[White "Putar, Lara"]
[Black "Burke, Kevin"]
[Result "1-0"]
[WhiteElo "1930"]
[BlackElo "1883"]
[WhiteICU "1969"]
[BlackICU "1781"]
[WhiteClub "St. Benildus"]
[BlackClub "St. Benildus"]
[WhiteNationality "IRL"]
[BlackNationality "IRL"]
[WhiteFideId "14546604"]
[BlackFideId "2501520"]
[PlyCount "57"]
[Venue "Colaiste Eanna"]
[EventDate "2021.07.31"]

{ Event information: <a
href="https://www.irlchess.com/irlch2021_allfiles/pairings_irlch2021.html">Tournament
report</a>. }

1. d4 e6 2. c4 f5 3. Nf3 Nf6 4. g3 Be7 5. Bg2 O-O 6. O-O d6 7. b3 Qe8 8.
Bb2 Ne4 9. Qc2 a5 10. Nc3 Nxc3 11. Bxc3 Nc6 12. a3 Bf6 13. d5 Nd8 14. dxe6
Nxe6 15. Rad1 f4 16. Nd4 Ng5 17. h4 Nh3+ 18. Kh1 Be5 19. Bd5+ Kh8 20. Kg2
c6 21. Bf3 fxg3 22. fxg3 Qd7 23. Bg4 Rxf1 24. Rxf1 Qe7 25. Bxh3 Bxh3+ 26.
Kxh3 c5 27. Nf3 Qe6+ 28. Kg2 Bxc3 29. Ng5 1-0

[Event "Irish Championship 2021"]
[Site "Dublin IRL"]
[Date "2021.08.06"]
[Round "7.16"]
[White "Casey, Eoghan"]
[Black "O'Flaherty, Kevin"]
[Result "0-1"]
[WhiteElo "1952"]
[BlackElo "1884"]
[WhiteICU "1876"]
[BlackICU "1818"]
[WhiteClub "Gonzaga"]
[BlackClub "Univ. of Limerick"]
[WhiteNationality "IRL"]
[BlackNationality "IRL"]
[WhiteFideId "2502178"]
[BlackFideId "2502283"]
[PlyCount "54"]
[Venue "Colaiste Eanna"]
[EventDate "2021.07.31"]

{ Event information: <a
href="https://www.irlchess.com/irlch2021_allfiles/pairings_irlch2021.html">Tournament
report</a>. }

1. d4 d5 2. Bf4 c5 3. e3 Nc6 4. c3 Nf6 5. Nd2 Bf5 6. Qb3 Qd7 7. Ngf3 c4 8.
Qd1 h6 9. b3 b5 10. a4 b4 11. Ne5 Nxe5 12. dxe5 bxc3 13. Nf3 e6 14. exf6
Bb4 15. Qd4 c2+ 16. Nd2 gxf6 17. Qxf6 Rg8 18. Be2 Qb7 19. bxc4 dxc4 20. Bf3
Bxd2+ 21. Kxd2 Qb4+ 22. Kc1 Qb1+ 23. Rxb1 cxb1=Q+ 24. Kd2 c3+ 25. Qxc3 Rd8+
26. Ke2 Bd3+ 27. Kd2 Bc4+ 0-1

[Event "Irish Championship 2021"]
[Site "Dublin IRL"]
[Date "2021.08.06"]
[Round "7.17"]
[White "Murray, Sam"]
[Black "O'Connor, Jonathan"]
[Result "1/2-1/2"]
[WhiteElo "1621"]
[BlackElo "2153"]
[WhiteICU "1608"]
[BlackICU "2124"]
[WhiteClub "Gonzaga"]
[BlackClub "Dublin"]
[WhiteNationality "IRL"]
[BlackNationality "IRL"]
[WhiteFideId "2508958"]
[BlackFideId "2501112"]
[PlyCount "105"]
[Venue "Colaiste Eanna"]
[EventDate "2021.07.31"]

{ Event information: <a
href="https://www.irlchess.com/irlch2021_allfiles/pairings_irlch2021.html">Tournament
report</a>. }

1. d4 Nf6 2. g4 Nxg4 3. e4 d6 4. Nc3 c6 5. Nf3 g6 6. h3 Nf6 7. Bg5 Bg7 8.
Qd2 b5 9. Bd3 b4 10. Ne2 Nbd7 11. Qxb4 Rb8 12. Qa3 O-O 13. O-O Qb6 14. Rab1
Re8 15. Be3 a5 16. Nd2 Ba6 17. Nb3 Bxd3 18. cxd3 a4 19. Nd2 Ra8 20. Nc4 Qa6
21. Rfc1 d5 22. exd5 Nxd5 $19 23. Nc3 Nxe3 24. fxe3 e5 25. d5 cxd5 26. Nxd5
Qe6 27. Nc7 Qxh3 28. Nxe8 Rxe8 29. Rc2 Bh6 30. Re1 Nf6 31. Qc3 Ng4 32. Qd2
Rd8 33. Qg2 Qh4 34. Qe2 Rxd3 35. Qxd3 Qxe1+ 36. Kg2 Bxe3 37. Kf3 Bf4 38.
Kg2 h5 39. Re2 Qh4 40. Qh3 Qe7 41. Qf3 Kg7 $4 42. Qxf4 $18 Qb7+ 43. Qf3 Qb5
44. Qxf7+ Kh6 45. Rc2 Qc5 46. Re2 Qc6+ 47. Kg3 Qc5 48. Nxe5 $2 (48. Kh3 $18
) 48... Qg1+ $10 49. Rg2 Qe1+ 50. Kh3 Qxe5 51. Qf8+ Kg5 52. Qd8+ Kh6 53.
Qf8+ 1/2-1/2

[Event "Irish Championship 2021"]
[Site "Dublin IRL"]
[Date "2021.08.07"]
[Round "8.1"]
[White "Murphy, Sean J."]
[Black "O'Gorman, Tom"]
[Result "1-0"]
[BlackTitle "FM"]
[WhiteElo "1990"]
[BlackElo "2368"]
[WhiteICU "2020"]
[BlackICU "2303"]
[WhiteClub "Cork"]
[BlackClub "Dun Laoghaire"]
[WhiteNationality "IRL"]
[BlackNationality "IRL"]
[WhiteFideId "2512742"]
[BlackFideId "2508249"]
[PlyCount "111"]
[Venue "Colaiste Eanna"]
[EventDate "2021.07.31"]
[WhiteFullName "Murphy, Se&aacute;n J."]

{ Event information: <a
href="https://www.irlchess.com/irlch2021_allfiles/pairings_irlch2021.html">Tournament
report</a>. }

1. d4 Nf6 2. c4 g6 3. Nc3 Bg7 4. e4 d6 5. f3 O-O 6. Bg5 c5 7. d5 e6 8. Qd2
exd5 9. cxd5 Na6 10. Nge2 Bd7 11. Ng3 Qe8 12. Be2 b5 13. Qf4 Qe7 14. Nxb5
Bxb5 15. Bxb5 Nc7 16. Bc4 h6 17. Bxh6 Nfxd5 18. Qd2 Bxh6 19. Qxh6 Qe5 20.
Rd1 Nf4 21. Ne2 Nfe6 22. h4 Qxb2 23. h5 g5 24. O-O Qe5 25. Bxe6 fxe6 26.
Qg6+ Kh8 27. f4 Qg7 28. Qxg7+ Kxg7 29. Rxd6 gxf4 30. Nxf4 Rac8 31. Rxe6
Rfe8 32. Rg6+ Kh8 33. Rh6+ Kg7 34. Rg6+ Kh8 35. Rg4 Ne6 36. Nd5 c4 37. Rf6
Nf8 38. Rf3 Nd7 39. Rc3 Nb6 40. Nf6 Re6 41. Rg6 Rf8 42. e5 Rxe5 43. Rcg3
Rxf6 44. Rxf6 Kh7 45. Rf7+ Kh8 46. Rxa7 Nd5 47. Ra5 Re1+ 48. Kf2 Rd1 49.
Rc5 Rd4 50. Ra3 Nf6 51. Ra4 Rd2+ 52. Kf3 Rd3+ 53. Kf4 Nd5+ 54. Kg5 Rg3+ 55.
Kh4 Rxg2 56. Rxd5 1-0

[Event "Irish Championship 2021"]
[Site "Dublin IRL"]
[Date "2021.08.07"]
[Round "8.2"]
[White "Kanyamarala, Tarun"]
[Black "Heidenfeld, Mark"]
[Result "0-1"]
[WhiteTitle "FM"]
[BlackTitle "IM"]
[WhiteElo "2369"]
[BlackElo "2360"]
[WhiteICU "2296"]
[BlackICU "2282"]
[WhiteClub "Balbriggan"]
[WhiteNationality "IRL"]
[BlackNationality "IRL"]
[WhiteFideId "45004714"]
[BlackFideId "2500990"]
[PlyCount "120"]
[Venue "Colaiste Eanna"]
[EventDate "2021.07.31"]

{ Event information: <a
href="https://www.irlchess.com/irlch2021_allfiles/pairings_irlch2021.html">Tournament
report</a>. }

1. e4 e5 2. Nf3 Nf6 3. Nxe5 d6 4. Nd3 Nxe4 5. Qe2 Qe7 6. Nf4 Nf6 7. d4
Qxe2+ 8. Bxe2 Bf5 9. c3 c6 10. h4 d5 11. f3 h5 12. Nd2 Bd6 13. Nf1 Nbd7 14.
Ng3 Bg6 15. Kf2 O-O 16. Nh3 Rfe8 17. Bf4 Bxf4 18. Nxf4 Nf8 19. Rhe1 Ne6 20.
Nxg6 fxg6 21. Bf1 g5 22. Nf5 gxh4 23. Re5 Nf4 24. Nxh4 Rxe5 25. dxe5 Nd7
26. g3 Ne6 27. Bh3 Re8 28. f4 Ndc5 29. Ke3 g5 30. Ng6 Kh7 31. f5 $2 (31.
Bf5 $10) 31... g4 32. Bf1 $2 (32. b4 $15) 32... Ng7 $17 33. Kf4 Nce6+ 34.
fxe6 Kxg6 35. Bd3+ Kh6 36. Rf1 Rf8+ 37. Ke3 Rxf1 38. Bxf1 Nxe6 39. c4 d4+
40. Ke4 Kg5 41. b4 h4 42. gxh4+ Kxh4 43. Kf5 Ng5 44. c5 a5 45. a3 a4 46.
Kf4 Ne6+ 47. Ke4 Kg5 48. Bc4 g3 49. Kf3 Kf5 50. Kxg3 Kxe5 51. Kf2 Nc7 52.
Bd3 Nb5 53. Bc2 Kd5 54. Bxa4 Kc4 55. Bxb5+ cxb5 56. Ke2 Kb3 57. Kd2 Kxa3
58. Kd3 Kb3 59. Kxd4 Kxb4 60. Kd5 Kc3 0-1

[Event "Irish Championship 2021"]
[Site "Dublin IRL"]
[Date "2021.08.07"]
[Round "8.3"]
[White "Murphy, Conor E."]
[Black "Daly, Colm"]
[Result "1-0"]
[WhiteTitle "FM"]
[BlackTitle "FM"]
[WhiteElo "2394"]
[BlackElo "2285"]
[WhiteICU "2419"]
[BlackICU "2261"]
[WhiteClub "Charlton ENG"]
[BlackClub "Bray/Greystones"]
[WhiteNationality "IRL"]
[BlackNationality "IRL"]
[WhiteFideId "421669"]
[BlackFideId "2500434"]
[PlyCount "130"]
[Venue "Colaiste Eanna"]
[EventDate "2021.07.31"]

{ Event information: <a
href="https://www.irlchess.com/irlch2021_allfiles/pairings_irlch2021.html">Tournament
report</a>. } { Other information: Commentary: &ldquo;The fact that Daly
and Fitzsimons, along with many others apparently, were stuck on the M50
motorway for about 50 minutes because of a fatal crash that brought the
motorway to a virtual standstill for about 5km and had lost huge amounts of
time, did not help much when time pressure was a feature from move one. In
the case of Fitzsimons he phoned ahead to explain and his opponent
(Baburin) agreed to delay the start of the game and allow a 15 minute
extension for the forfeit time the end result being that Fitzsimons arrived
about ten minutes to 4 and lost about 25 minutes on the clock. A fairly
sensible draw after decent play was the result of a normal game. Meanwhile
in the case of Daly, who also phoned to explain about the M50 crash fallout
and request some time relief had his opponent agree to just play without
claiming the game by one hour time forfeit which was just as well as Daly
arrived about two minutes after 4 and had thus lost just over an hour on
the clock. Then doing well to in the opening/middle/game, make an
inaccurate 19th move (19...Qe7?! instead of the strong 19...Bb5!) and after
inaccurate play by White, get a pleasant advantage but let it drift, make a
mistake on move 28...a4? after which the position was better for White and
Black was unable to adapt and cope with the problems of the position. Time
pressure not helping matters. Bit of bad luck when a draw might have been
the most likely result.&rdquo;&mdash;&lsquo;Karpovsky&rsquo; (almost
certainly Colm Daly), <a
href="https://chess24.com/en/watch/live-tournaments/irish-championship-2021/8/1/3">Chess24.com,
August 8, 2021</a>. }

1. e4 e6 2. d4 d5 3. Nc3 Nf6 4. e5 Nfd7 5. f4 c5 6. Nf3 Nc6 7. Be3 cxd4 8.
Nxd4 Bc5 9. Qd2 a6 10. O-O-O Nxd4 11. Bxd4 O-O 12. h4 b5 13. h5 b4 14. Na4
Bxd4 15. Qxd4 a5 16. h6 g6 17. Bb5 Rb8 18. Bxd7 Bxd7 19. Nc5 Qe7 $2 (19...
Bb5 $1 $15) 20. Ne4 dxe4 21. Qxd7 $14 Qc5 22. Qd4 Qc6 23. Qd6 Qc4 24. Kb1
Rbc8 25. Rc1 Rfe8 $6 (25... e3 $1 $17) 26. Rhd1 $10 e3 27. g3 e2 28. Rd2 a4
$6 (28... Qe4 $10) 29. Qd3 Qc5 $6 (29... Qxd3 30. Rxd3 Rc4 $1 31. Re3 g5
$14) 30. Qxe2 $16 a3 31. c4 axb2 32. Rxb2 Ra8 33. Qd2 Rab8 34. Qd6 Qe3 35.
Rb3 Qe4+ 36. Ka1 Qe2 37. Qd3 Qh2 38. Qc2 Qxh6 39. c5 Qf8 40. Qc4 Qe7 41.
Rxb4 Rbc8 42. Rb6 Qa7 43. Ra6 Qd7 44. c6 Qd2 45. c7 Qf2 46. Qc3 h5 47. Ra4
Kg7 48. Rc4 Qg2 49. Qe3 Qd5 50. Rc5 Qg2 51. R5c2 Qd5 52. Rd2 Qa5 53. Rd7
Ra8 54. Qd2 Qa3 55. Rc3 Qb4 56. Rc2 Qb6 57. Rd6 Qb7 58. Rd8 Qh1+ 59. Qd1
Qxd1+ 60. Rxd1 Kf8 61. Rd7 Rec8 62. Rcd2 Re8 63. Rd8 Ke7 64. R2d7+ Kf8 65.
Rxa8 Kg8 1-0

[Event "Irish Championship 2021"]
[Site "Dublin IRL"]
[Date "2021.08.07"]
[Round "8.4"]
[White "Baburin, Alexander"]
[Black "Fitzsimons, David"]
[Result "1/2-1/2"]
[WhiteTitle "GM"]
[BlackTitle "IM"]
[WhiteElo "2416"]
[BlackElo "2324"]
[WhiteICU "2369"]
[BlackICU "2343"]
[WhiteClub "Kilkenny"]
[BlackClub "Elm Mount"]
[WhiteNationality "IRL"]
[BlackNationality "IRL"]
[WhiteFideId "2500914"]
[BlackFideId "2501961"]
[PlyCount "57"]
[Venue "Colaiste Eanna"]
[EventDate "2021.07.31"]

{ Event information: <a
href="https://www.irlchess.com/irlch2021_allfiles/pairings_irlch2021.html">Tournament
report</a>. }

1. d4 Nf6 2. Nf3 d5 3. c4 e6 4. g3 Be7 5. Bg2 O-O 6. O-O c6 7. Qc2 b6 8. b3
Bb7 9. Bb2 Nbd7 10. Nc3 Ba6 11. Rfd1 b5 12. c5 b4 13. Na4 Bb5 14. a3 a5 15.
axb4 axb4 16. Ne1 Qc7 17. Nd3 Qb7 18. Bc1 Ra7 19. Bd2 Rfa8 20. Rdb1 Ne4 21.
Be1 Nc3 22. Bxc3 bxc3 23. Qxc3 Qc7 24. e3 Bxa4 25. Rxa4 Rxa4 26. bxa4 Rxa4
27. Ra1 Qa7 28. Rxa4 Qxa4 29. Bf1 1/2-1/2

[Event "Irish Championship 2021"]
[Site "Dublin IRL"]
[Date "2021.08.07"]
[Round "8.5"]
[White "O'Donnell, Conor"]
[Black "Venkatesan, Kavin"]
[Result "1-0"]
[WhiteTitle "FM"]
[WhiteElo "2331"]
[BlackElo "2011"]
[WhiteICU "2311"]
[BlackICU "2032"]
[WhiteClub "Gonzaga"]
[BlackClub "St. Benildus"]
[WhiteNationality "IRL"]
[BlackNationality "IRL"]
[WhiteFideId "2504243"]
[BlackFideId "2512602"]
[PlyCount "135"]
[Venue "Colaiste Eanna"]
[EventDate "2021.07.31"]

{ Event information: <a
href="https://www.irlchess.com/irlch2021_allfiles/pairings_irlch2021.html">Tournament
report</a>. }

1. c4 Nf6 2. g3 c6 3. Nf3 d5 4. Bg2 Nbd7 5. cxd5 cxd5 6. Nc3 e5 7. d4 e4 8.
Ne5 Bd6 9. Bf4 Qe7 10. O-O Nxe5 11. dxe5 Bxe5 12. Nxd5 Nxd5 13. Qxd5 Bxf4
14. gxf4 f5 15. f3 Be6 16. Qb5+ Qd7 17. Qxd7+ Bxd7 18. fxe4 fxe4 19. Bxe4
O-O-O 20. Rac1+ Kb8 21. Rfd1 Bb5 22. Kf2 h6 23. Rxd8+ Rxd8 24. Rc5 a6 25.
Ke3 Re8 26. Re5 Rxe5 27. fxe5 Kc7 28. Bd3 Bd7 29. Kd4 Bc6 30. Be4 Be8 31.
e6 Kd6 32. Bxb7 Bb5 33. Bf3 Kxe6 34. Kc5 Kf5 35. Kb6 g5 36. Bb7 Bxe2 37.
Bxa6 Bxa6 38. Kxa6 g4 39. b4 h5 40. b5 h4 41. b6 g3 42. hxg3 hxg3 43. b7 g2
44. b8=Q g1=Q $10 45. a4 Ke4 46. a5 Qc5 47. Qb6 Qf8 48. Ka7 Kd5 49. a6 Qh8
$2 (49... Qa3 $10) (49... Ke4 $10) 50. Qb8 $2 (50. Qb5+ $1 $18) 50... Qd4+
51. Kb7 Qf6 52. Qc7 Qb2+ 53. Ka8 Qh8+ 54. Qb8 Qc3 55. Qd8+ Ke6 56. Kb7 Qf3+
57. Ka7 Qf7+ $2 (57... Qc3 $1 $10 { (only move). }) 58. Kb8 Qf4+ 59. Qc7
Qa4 60. a7 Qb5+ 61. Kc8 Qa6+ 62. Kd8 Qd3+ 63. Ke8 Qg6+ 64. Kf8 Qf6+ 65. Kg8
Qg6+ 66. Qg7 Qe8+ 67. Kh7 Qa8 $2 (67... Kf5 $18) 68. Qg8+ 1-0

[Event "Irish Championship 2021"]
[Site "Dublin IRL"]
[Date "2021.08.07"]
[Round "8.6"]
[White "Kanyamarala, Trisha"]
[Black "Putar, Leon"]
[Result "0-1"]
[WhiteTitle "WIM"]
[WhiteElo "2180"]
[BlackElo "1918"]
[WhiteICU "2178"]
[BlackICU "1901"]
[WhiteClub "Balbriggan"]
[BlackClub "St. Benildus"]
[WhiteNationality "IRL"]
[BlackNationality "IRL"]
[WhiteFideId "45004722"]
[BlackFideId "14546612"]
[PlyCount "112"]
[Venue "Colaiste Eanna"]
[EventDate "2021.07.31"]

{ Event information: <a
href="https://www.irlchess.com/irlch2021_allfiles/pairings_irlch2021.html">Tournament
report</a>. }

1. d4 Nf6 2. Nc3 d5 3. Bf4 g6 4. e3 Bg7 5. h4 O-O 6. h5 c5 7. hxg6 fxg6 8.
dxc5 Nc6 9. Nf3 Qa5 10. Qd2 Bg4 11. Ne5 Rad8 12. f3 Be6 13. Nxc6 bxc6 14.
a3 Rd7 15. g4 d4 16. exd4 Nxg4 17. fxg4 Rxd4 18. Bd3 Rdxf4 19. Ne2 Qxd2+
20. Kxd2 Rf2 21. Rab1 Bxg4 22. b4 h5 23. Bc4+ Kh7 24. Rbg1 Bh6+ 25. Ke1 Kg7
26. Rg3 R2f3 27. Rhg1 Be3 28. Rxf3 Rxf3 29. Rh1 Bf2+ 30. Kd2 Rxa3 31. Bd3
e5 32. Nc3 Bg3 33. Be4 Bf5 34. Bxf5 gxf5 35. Rxh5 Kg6 36. Rh1 Bf4+ 37. Kd3
Kf6 38. Kc4 e4 39. Rf1 Ke5 40. b5 Bd2 41. Nb1 Ra4+ 42. Kb3 Rb4+ 43. Ka3
Rxb1 44. Rxb1 cxb5 45. c6 Kd6 46. Rxb5 e3 47. c7 Kxc7 48. Rxf5 e2 49. Re5
e1=Q 50. Rxe1 Bxe1 51. Ka4 Kb6 52. Kb3 Kb5 53. Kb2 Kb4 54. c3+ Bxc3+ 55.
Ka2 a5 56. Kb1 Kb3 0-1

[Event "Irish Championship 2021"]
[Site "Dublin IRL"]
[Date "2021.08.07"]
[Round "8.7"]
[White "Murray, David"]
[Black "Duffy, Seamus"]
[Result "1-0"]
[WhiteElo "2142"]
[BlackElo "1945"]
[WhiteICU "2125"]
[BlackICU "1872"]
[WhiteClub "Gonzaga"]
[BlackClub "Dun Laoghaire"]
[WhiteNationality "IRL"]
[BlackNationality "IRL"]
[WhiteFideId "2501511"]
[BlackFideId "2501708"]
[PlyCount "68"]
[Venue "Colaiste Eanna"]
[EventDate "2021.07.31"]
[BlackFullName "Duffy, S&eacute;amus"]

{ Event information: <a
href="https://www.irlchess.com/irlch2021_allfiles/pairings_irlch2021.html">Tournament
report</a>. }

1. e4 e6 2. d4 d5 3. Nd2 dxe4 4. Nxe4 Bd7 5. Bd3 Bc6 6. Nf3 Nd7 7. O-O Ngf6
8. Ng3 Be7 9. c4 O-O 10. b3 Bxf3 11. Qxf3 c6 12. Re1 Bb4 13. Re2 Bc3 14.
Bxh7+ Nxh7 15. Qxc3 Nb6 16. Ne4 Qc7 17. Bb2 Nd7 18. Rae1 Nhf6 19. Nxf6+
Nxf6 20. Re3 Rfe8 21. Rg3 Rad8 22. Qe3 Nh5 23. Rg5 Nf4 24. Rg4 Ng6 25. h4
Ne7 26. d5 Nf5 27. Qc3 f6 28. dxe6 Nh6 29. Rg6 Kh7 30. Qc2 f5 31. Rxg7+
Qxg7 32. Bxg7 Kxg7 33. Qc3+ Kh7 34. Qf6 Rd6 1-0

[Event "Irish Championship 2021"]
[Site "Dublin IRL"]
[Date "2021.08.07"]
[Round "8.8"]
[White "Moran, Darragh"]
[Black "Carroll, Peter"]
[Result "0-1"]
[WhiteElo "1859"]
[BlackElo "2059"]
[WhiteICU "1838"]
[BlackICU "2035"]
[WhiteClub "Gonzaga"]
[BlackClub "Gonzaga"]
[WhiteNationality "IRL"]
[BlackNationality "IRL"]
[WhiteFideId "2510294"]
[BlackFideId "2510243"]
[PlyCount "52"]
[Venue "Colaiste Eanna"]
[EventDate "2021.07.31"]

{ Event information: <a
href="https://www.irlchess.com/irlch2021_allfiles/pairings_irlch2021.html">Tournament
report</a>. }

1. d4 Nf6 2. c4 g6 3. Nc3 Bg7 4. e4 O-O 5. Be2 d6 6. Be3 Na6 7. g4 c5 8. d5
Qb6 9. Rb1 Bxg4 10. Bxg4 Nxg4 11. Qxg4 Bxc3+ 12. Kf1 Bg7 13. h4 h5 14. Qg2
Qa5 15. a3 Qa4 16. b3 Qxa3 17. f4 Nb4 18. Ne2 Qa2 19. Kf2 Nc2 20. Bd2 Nd4
21. Nxd4 Qxd2+ 22. Ne2 Bd4+ 23. Kf1 Qc2 24. Rc1 Qxb3 25. f5 Be3 26. Ng3
Bxc1 0-1